[Event "Catalunya-chT Gp1 Final"]
[Site "Barcelona"]
[Date "2023.03.18"]
[Round "1.5"]
[White "Matnadze, Ana"]
[Black "Salgado Allaria, Carlos Fernando"]
[Result "1/2-1/2"]
[WhiteElo "2393"]
[BlackElo "2213"]
[PlyCount "50"]
[EventDate "2023.03.18"]
[EventType "team-k.o."]
[EventRounds "3"]
[EventCountry "ESP"]
[SourceTitle "EXT 2024"]
[Source "ChessBase"]
[SourceDate "2023.10.10"]
[SourceVersion "1"]
[SourceVersionDate "2023.10.10"]
[SourceQuality "1"]
[WhiteTeam "Valls"]
[BlackTeam "Platja D'Aro"]
[WhiteTeamCountry "ESP"]
[BlackTeamCountry "ESP"]

1. d4 Nf6 2. Nf3 d5 3. c4 c6 4. g3 Bf5 5. Bg2 e6 6. 0-0 Nbd7 7. Nc3 Be7 8. Nh4 Bg4 9. h3 Bh5 10. cxd5 cxd5 11. Qb3 Qb6 12. Qxb6 Nxb6 13. g4 Bg6 14. Nxg6 hxg6 15. Bg5 a6 16. Rac1 Rc8 17. Rfd1 Nfd7 18. Bxe7 Kxe7 19. e4 Nf6 20. exd5 Nfxd5 21. Nxd5+ Nxd5 22. Bxd5 exd5 23. Kg2 Kd6 24. Rxc8 Rxc8 25. Rd2 Rc1 1/2-1/2

[Event "Platja d'Aro Barcino"]
[Site "Platja d'Aro"]
[Date "2013.06.29"]
[Round "9"]
[White "Hernando Rodrigo, Julio Antonio"]
[Black "Salgado Allaria, Carlos Fernando"]
[Result "1/2-1/2"]
[WhiteElo "2329"]
[BlackElo "2330"]
[PlyCount "26"]
[EventDate "2013.06.24"]
[EventType "tourn"]
[EventRounds "9"]
[EventCountry "ESP"]
[EventCategory "3"]
[SourceTitle "EXT 2014"]
[Source "ChessBase"]
[SourceDate "2013.11.20"]
[SourceVersion "1"]
[SourceVersionDate "2013.11.20"]
[SourceQuality "1"]

1. d4 d5 2. Nf3 Nf6 3. c4 e6 4. g3 Be7 5. Bg2 0-0 6. 0-0 dxc4 7. Qc2 a6 8. Qxc4 b5 9. Qc2 Bb7 10. a4 Be4 11. Qb3 Bd5 12. Qc2 Be4 13. Qb3 Bd5 1/2-1/2

[Event "Girona op 2nd"]
[Site "Girona"]
[Date "2011.07.18"]
[Round "5"]
[White "Salgado Allaria, Carlos Fernando"]
[Black "Salagran Ferragut, Guillem"]
[Result "1-0"]
[WhiteElo "2325"]
[BlackElo "1755"]
[PlyCount "151"]
[EventDate "2011.07.14"]
[EventType "swiss"]
[EventRounds "9"]
[EventCountry "ESP"]
[SourceTitle "CBM 143 Extra"]
[Source "ChessBase"]
[SourceDate "2011.08.29"]
[SourceVersion "1"]
[SourceVersionDate "2011.08.29"]
[SourceQuality "1"]

1. d4 Nf6 2. Bg5 c5 3. Bxf6 gxf6 4. Nc3 cxd4 5. Qxd4 Nc6 6. Qh4 Qb6 7. 0-0-0 Bg7 8. Qg3 0-0 9. e4 d6 10. Bd3 Nb4 11. Nd5 Nxd5 12. exd5 e5 13. c3 f5 14. f4 e4 15. Bc2 Qa6 16. Kb1 Bd7 17. Qe3 Rfe8 18. Ne2 Rac8 19. h3 Qb6 20. Qxb6 axb6 21. Rhg1 Kh8 22. g4 Bh6 23. g5 Bg7 24. Rg3 Rc5 25. Bb3 Bb5 26. Re3 Bxe2 27. Rxe2 Bf8 28. c4 Rec8 29. a4 Kg7 30. Rg2 Kg6 31. Rh1 Bg7 32. h4 Bd4 33. h5+ Kg7 34. Rh3 R5c7 35. Kc1 Rf8 36. Kd1 Re7 37. Ba2 Bc5 38. Bb1 Rh8 39. b3 Bb4 40. Bc2 Rf8 41. Ke2 Ree8 42. Rhg3 Bc5 43. Bd1 Bb4 44. Kf1 Rd8 45. Be2 Rde8 46. Kf2 Bc5+ 47. Ke1 Bb4+ 48. Kd1 Rd8 49. Bf1 Rde8 50. Rh2 e3 51. Bd3 Re7 52. Ke2 Rfe8 53. Bxf5 Bc5 54. g6 fxg6 55. hxg6 h6 56. Be6 Rf8 57. f5 Rh8 58. Kd3 Rf8 59. Rgh3 Rh8 60. Kc3 Ba3 61. Rxe3 Bc1 62. Rf3 Bg5 63. Rfh3 Bf6+ 64. Kb4 Bd4 65. Kb5 Rc7 66. b4 Bg1 67. Rg2 Bd4 68. Rf3 Be5 69. Re3 Bd4 70. Re4 Be5 71. Rxe5 dxe5 72. d6 Rc6 73. d7 Rd6 74. c5 bxc5 75. bxc5 Ra6 76. f6+ 1-0

[Event "Girona op 2nd"]
[Site "Girona"]
[Date "2011.07.17"]
[Round "4"]
[White "Parramon Ros, Francesco"]
[Black "Salgado Allaria, Carlos Fernando"]
[Result "1/2-1/2"]
[WhiteElo "2042"]
[BlackElo "2325"]
[PlyCount "86"]
[EventDate "2011.07.14"]
[EventType "swiss"]
[EventRounds "9"]
[EventCountry "ESP"]
[SourceTitle "CBM 143 Extra"]
[Source "ChessBase"]
[SourceDate "2011.08.29"]
[SourceVersion "1"]
[SourceVersionDate "2011.08.29"]
[SourceQuality "1"]

1. d4 e6 2. Nf3 c5 3. c3 Nf6 4. e3 d5 5. Bd3 Nbd7 6. 0-0 Bd6 7. Nbd2 0-0 8. e4 cxd4 9. cxd4 dxe4 10. Nxe4 Nxe4 11. Bxe4 h6 12. Re1 Nf6 13. Bd3 Bb4 14. Bd2 Bxd2 15. Qxd2 b6 16. Rad1 Bb7 17. Qf4 Bxf3 18. Qxf3 Rc8 19. h4 Qd5 20. Qh3 Rfd8 21. g4 Nd7 22. Be4 Qa5 23. b4 Qxb4 24. g5 hxg5 25. hxg5 Nf8 26. Kg2 Qe7 27. Qh5 g6 28. Qh4 Nh7 29. f4 Qf8 30. Rh1 Qg7 31. Rh3 Nf8 32. Qf2 Rc4 33. Rhd3 Rdc8 34. R3d2 b5 35. Bb7 Rd8 36. Bf3 a6 37. Qe3 Rc7 38. Qa3 Rcd7 39. Qc5 e5 40. fxe5 Ne6 41. Qb6 Nxg5 42. Bc6 Ne6 43. Bxd7 Rxd7 1/2-1/2

[Event "Girona op 2nd"]
[Site "Girona"]
[Date "2011.07.14"]
[Round "1"]
[White "Salgado Allaria, Carlos Fernando"]
[Black "Salagran Ferragut, Eduard"]
[Result "1-0"]
[WhiteElo "2325"]
[BlackElo "1545"]
[PlyCount "55"]
[EventDate "2011.07.14"]
[EventType "swiss"]
[EventRounds "9"]
[EventCountry "ESP"]
[SourceTitle "CBM 143 Extra"]
[Source "ChessBase"]
[SourceDate "2011.08.29"]
[SourceVersion "1"]
[SourceVersionDate "2011.08.29"]
[SourceQuality "1"]

1. Nf3 c5 2. g3 b6 3. Bg2 Qc7 4. c4 Bb7 5. Nc3 a6 6. Nd5 Bxd5 7. cxd5 d6 8. d4 Nf6 9. dxc5 bxc5 10. 0-0 g6 11. e4 Nbd7 12. Re1 Bg7 13. e5 Ng4 14. e6 Nde5 15. Qa4+ Kf8 16. exf7 Nxf3+ 17. Bxf3 Ne5 18. Bg4 Nd3 19. Re2 Kxf7 20. Be6+ Kf8 21. Qe4 Nxc1 22. Rxc1 Bf6 23. b4 Kg7 24. Rec2 Rab8 25. bxc5 Rb2 26. Rxb2 Bxb2 27. Rc2 Rb8 28. Rxb2 1-0

[Event "FRA-chT1 1011"]
[Site "France"]
[Date "2010.12.11"]
[Round "4.4"]
[White "Salgado Allaria, Carlos Fernando"]
[Black "Favreau, Francois"]
[Result "1-0"]
[WhiteElo "2306"]
[BlackElo "2122"]
[PlyCount "61"]
[EventDate "2010.10.17"]
[EventType "team-tourn"]
[EventRounds "11"]
[EventCountry "FRA"]
[SourceTitle "EXT 2012"]
[Source "ChessBase"]
[SourceDate "2011.11.24"]
[SourceVersion "1"]
[SourceVersionDate "2011.11.24"]
[SourceQuality "1"]

1. d4 g6 2. e4 d6 3. Nc3 Bg7 4. Be3 c6 5. Qd2 b5 6. h4 h5 7. Nh3 Nf6 8. f3 Qc7 9. Ng5 Nbd7 10. 0-0-0 Rb8 11. Bf4 Nh7 12. Nxh7 Rxh7 13. Kb1 Qa5 14. Ne2 Qb6 15. Be3 Qc7 16. Nf4 Nb6 17. d5 c5 18. Bxb5+ Bd7 19. Bxd7+ Qxd7 20. b3 Nc4 21. Qe2 Qb5 22. Bc1 Qb4 23. Nd3 Qc3 24. e5 dxe5 25. Qe1 Qa5 26. Qxa5 Nxa5 27. Nxc5 Rb5 28. Ne4 Kd7 29. Bb2 Rh8 30. c4 Rb4 31. Bc3 1-0